<?xml version="1.0" encoding="UTF-8"?>
<record
    xmlns:xsi="http://www.w3.org/2001/XMLSchema-instance"
    xsi:schemaLocation="http://www.loc.gov/MARC21/slim http://www.loc.gov/standards/marcxml/schema/MARC21slim.xsd"
    xmlns="http://www.loc.gov/MARC21/slim">

  <leader>00442nam a22001817a 4500</leader>
  <controlfield tag="003">OSt</controlfield>
  <controlfield tag="008">220414b           ||||| |||| 00| 0 eng d</controlfield>
  <datafield tag="020" ind1=" " ind2=" ">
    <subfield code="a">9788182815629</subfield>
  </datafield>
  <datafield tag="082" ind1=" " ind2=" ">
    <subfield code="a">339 JHM</subfield>
  </datafield>
  <datafield tag="100" ind1=" " ind2=" ">
    <subfield code="a">JHINGAN, M.L</subfield>
  </datafield>
  <datafield tag="245" ind1=" " ind2=" ">
    <subfield code="a">Microeconomics</subfield>
  </datafield>
  <datafield tag="250" ind1=" " ind2=" ">
    <subfield code="a">8th Reprint </subfield>
  </datafield>
  <datafield tag="260" ind1=" " ind2=" ">
    <subfield code="a">Delhi</subfield>
    <subfield code="b">Vrinda Publications (P) Ltd.</subfield>
    <subfield code="c">2022</subfield>
  </datafield>
  <datafield tag="300" ind1=" " ind2=" ">
    <subfield code="a">534</subfield>
  </datafield>
  <datafield tag="650" ind1=" " ind2=" ">
    <subfield code="a">Microeconomics (Economics)</subfield>
  </datafield>
  <datafield tag="700" ind1=" " ind2=" ">
    <subfield code="a">JHINGAN, B.K.</subfield>
  </datafield>
  <datafield tag="942" ind1=" " ind2=" ">
    <subfield code="2">ddc</subfield>
    <subfield code="c">BK</subfield>
  </datafield>
  <datafield tag="999" ind1=" " ind2=" ">
    <subfield code="c">11147</subfield>
    <subfield code="d">11147</subfield>
  </datafield>
  <datafield tag="952" ind1=" " ind2=" ">
    <subfield code="0">0</subfield>
    <subfield code="1">0</subfield>
    <subfield code="2">ddc</subfield>
    <subfield code="4">0</subfield>
    <subfield code="7">0</subfield>
    <subfield code="8">BAECO</subfield>
    <subfield code="a">PIETNCR</subfield>
    <subfield code="b">PIETNCR</subfield>
    <subfield code="d">2022-04-01</subfield>
    <subfield code="e">Kirti Prakashan</subfield>
    <subfield code="f">Indian Rup</subfield>
    <subfield code="g">395.00</subfield>
    <subfield code="k">IN10</subfield>
    <subfield code="l">2</subfield>
    <subfield code="o">338.5 JHM</subfield>
    <subfield code="p">N2278</subfield>
    <subfield code="r">2023-03-16 00:00:00</subfield>
    <subfield code="s">2023-03-02</subfield>
    <subfield code="v">296.25</subfield>
    <subfield code="w">2022-04-01</subfield>
    <subfield code="y">BK</subfield>
  </datafield>
  <datafield tag="952" ind1=" " ind2=" ">
    <subfield code="0">0</subfield>
    <subfield code="1">0</subfield>
    <subfield code="2">ddc</subfield>
    <subfield code="4">0</subfield>
    <subfield code="7">0</subfield>
    <subfield code="8">BAECO</subfield>
    <subfield code="a">PIETNCR</subfield>
    <subfield code="b">PIETNCR</subfield>
    <subfield code="d">2022-04-01</subfield>
    <subfield code="e">Kirti Prakashan</subfield>
    <subfield code="f">Indian Rup</subfield>
    <subfield code="g">395.00</subfield>
    <subfield code="k">IN10</subfield>
    <subfield code="l">0</subfield>
    <subfield code="o">338.5 JHM</subfield>
    <subfield code="p">N2279</subfield>
    <subfield code="r">2022-04-14 00:00:00</subfield>
    <subfield code="v">296.25</subfield>
    <subfield code="w">2022-04-01</subfield>
    <subfield code="y">BK</subfield>
  </datafield>
  <datafield tag="952" ind1=" " ind2=" ">
    <subfield code="0">0</subfield>
    <subfield code="1">0</subfield>
    <subfield code="2">ddc</subfield>
    <subfield code="4">0</subfield>
    <subfield code="7">0</subfield>
    <subfield code="8">BAECO</subfield>
    <subfield code="a">PIETNCR</subfield>
    <subfield code="b">PIETNCR</subfield>
    <subfield code="d">2022-04-01</subfield>
    <subfield code="e">Kirti Prakashan</subfield>
    <subfield code="f">Indian Rup</subfield>
    <subfield code="g">395.00</subfield>
    <subfield code="k">IN10</subfield>
    <subfield code="l">5</subfield>
    <subfield code="o">338.5  JHM</subfield>
    <subfield code="p">N2280</subfield>
    <subfield code="r">2025-09-22 00:00:00</subfield>
    <subfield code="s">2025-09-15</subfield>
    <subfield code="v">296.25</subfield>
    <subfield code="w">2022-04-01</subfield>
    <subfield code="y">BK</subfield>
  </datafield>
  <datafield tag="952" ind1=" " ind2=" ">
    <subfield code="0">0</subfield>
    <subfield code="1">0</subfield>
    <subfield code="2">ddc</subfield>
    <subfield code="4">0</subfield>
    <subfield code="7">0</subfield>
    <subfield code="8">BAECO</subfield>
    <subfield code="a">PIETNCR</subfield>
    <subfield code="b">PIETNCR</subfield>
    <subfield code="d">2022-04-01</subfield>
    <subfield code="e">Kirti Prakashan</subfield>
    <subfield code="f">Indian Rup</subfield>
    <subfield code="g">395.00</subfield>
    <subfield code="k">IN10</subfield>
    <subfield code="l">2</subfield>
    <subfield code="o">338.5 JHM</subfield>
    <subfield code="p">N2281</subfield>
    <subfield code="r">2024-04-11 00:00:00</subfield>
    <subfield code="s">2024-03-29</subfield>
    <subfield code="v">296.25</subfield>
    <subfield code="w">2022-04-01</subfield>
    <subfield code="y">BK</subfield>
  </datafield>
  <datafield tag="952" ind1=" " ind2=" ">
    <subfield code="0">0</subfield>
    <subfield code="1">0</subfield>
    <subfield code="2">ddc</subfield>
    <subfield code="4">0</subfield>
    <subfield code="7">0</subfield>
    <subfield code="8">BAECO</subfield>
    <subfield code="a">PIETNCR</subfield>
    <subfield code="b">PIETNCR</subfield>
    <subfield code="d">2022-04-01</subfield>
    <subfield code="e">Kirti Prakashan</subfield>
    <subfield code="f">Indian Rup</subfield>
    <subfield code="g">395.00</subfield>
    <subfield code="k">IN10</subfield>
    <subfield code="l">3</subfield>
    <subfield code="o">338.5 JHM</subfield>
    <subfield code="p">N2282</subfield>
    <subfield code="r">2025-12-30 00:00:00</subfield>
    <subfield code="s">2025-12-24</subfield>
    <subfield code="v">296.25</subfield>
    <subfield code="w">2022-04-01</subfield>
    <subfield code="y">BK</subfield>
  </datafield>
  <datafield tag="952" ind1=" " ind2=" ">
    <subfield code="0">0</subfield>
    <subfield code="1">0</subfield>
    <subfield code="2">ddc</subfield>
    <subfield code="4">0</subfield>
    <subfield code="7">0</subfield>
    <subfield code="8">BAECO</subfield>
    <subfield code="a">PIETNCR</subfield>
    <subfield code="b">PIETNCR</subfield>
    <subfield code="d">2022-04-01</subfield>
    <subfield code="e">Kirti Prakashan</subfield>
    <subfield code="f">Indian Rup</subfield>
    <subfield code="g">395.00</subfield>
    <subfield code="k">IN10</subfield>
    <subfield code="l">3</subfield>
    <subfield code="o">338.5 JHM</subfield>
    <subfield code="p">N2283</subfield>
    <subfield code="r">2026-01-20 00:00:00</subfield>
    <subfield code="s">2025-08-05</subfield>
    <subfield code="v">296.25</subfield>
    <subfield code="w">2022-04-01</subfield>
    <subfield code="y">BK</subfield>
  </datafield>
  <datafield tag="952" ind1=" " ind2=" ">
    <subfield code="0">0</subfield>
    <subfield code="1">0</subfield>
    <subfield code="2">ddc</subfield>
    <subfield code="4">0</subfield>
    <subfield code="7">0</subfield>
    <subfield code="8">BAECO</subfield>
    <subfield code="a">PIETNCR</subfield>
    <subfield code="b">PIETNCR</subfield>
    <subfield code="d">2022-04-01</subfield>
    <subfield code="e">Kirti Prakashan</subfield>
    <subfield code="f">Indian Rup</subfield>
    <subfield code="g">395.00</subfield>
    <subfield code="k">IN10</subfield>
    <subfield code="l">3</subfield>
    <subfield code="o">338.5 JHM</subfield>
    <subfield code="p">N2284</subfield>
    <subfield code="r">2025-12-23 00:00:00</subfield>
    <subfield code="s">2025-12-03</subfield>
    <subfield code="v">296.25</subfield>
    <subfield code="w">2022-04-01</subfield>
    <subfield code="y">BK</subfield>
  </datafield>
  <datafield tag="952" ind1=" " ind2=" ">
    <subfield code="0">0</subfield>
    <subfield code="1">0</subfield>
    <subfield code="2">ddc</subfield>
    <subfield code="4">0</subfield>
    <subfield code="7">0</subfield>
    <subfield code="8">BAECO</subfield>
    <subfield code="a">PIETNCR</subfield>
    <subfield code="b">PIETNCR</subfield>
    <subfield code="d">2022-04-01</subfield>
    <subfield code="e">Kirti Prakashan</subfield>
    <subfield code="f">Indian Rup</subfield>
    <subfield code="g">395.00</subfield>
    <subfield code="k">IN10</subfield>
    <subfield code="l">4</subfield>
    <subfield code="o">338.5 JHM</subfield>
    <subfield code="p">N2285</subfield>
    <subfield code="r">2025-11-19 00:00:00</subfield>
    <subfield code="s">2025-11-06</subfield>
    <subfield code="v">296.25</subfield>
    <subfield code="w">2022-04-01</subfield>
    <subfield code="y">BK</subfield>
  </datafield>
  <datafield tag="952" ind1=" " ind2=" ">
    <subfield code="0">0</subfield>
    <subfield code="1">0</subfield>
    <subfield code="2">ddc</subfield>
    <subfield code="4">0</subfield>
    <subfield code="7">0</subfield>
    <subfield code="8">BAECO</subfield>
    <subfield code="a">PIETNCR</subfield>
    <subfield code="b">PIETNCR</subfield>
    <subfield code="d">2022-04-01</subfield>
    <subfield code="e">Kirti Prakashan</subfield>
    <subfield code="f">Indian Rup</subfield>
    <subfield code="g">395.00</subfield>
    <subfield code="k">IN10</subfield>
    <subfield code="l">1</subfield>
    <subfield code="o">338.5 JHM</subfield>
    <subfield code="p">N2286</subfield>
    <subfield code="r">2023-04-11 00:00:00</subfield>
    <subfield code="s">2022-12-08</subfield>
    <subfield code="v">296.25</subfield>
    <subfield code="w">2022-04-01</subfield>
    <subfield code="y">BK</subfield>
  </datafield>
  <datafield tag="952" ind1=" " ind2=" ">
    <subfield code="0">0</subfield>
    <subfield code="1">0</subfield>
    <subfield code="2">ddc</subfield>
    <subfield code="4">0</subfield>
    <subfield code="7">0</subfield>
    <subfield code="8">BAECO</subfield>
    <subfield code="a">PIETNCR</subfield>
    <subfield code="b">PIETNCR</subfield>
    <subfield code="d">2022-04-01</subfield>
    <subfield code="e">Kirti Prakashan</subfield>
    <subfield code="f">Indian Rup</subfield>
    <subfield code="g">395.00</subfield>
    <subfield code="k">IN10</subfield>
    <subfield code="l">2</subfield>
    <subfield code="o">338.5 JHM</subfield>
    <subfield code="p">N2287</subfield>
    <subfield code="r">2025-12-03 00:00:00</subfield>
    <subfield code="s">2025-11-21</subfield>
    <subfield code="v">296.25</subfield>
    <subfield code="w">2022-04-01</subfield>
    <subfield code="y">BK</subfield>
  </datafield>
</record>
